| 000 | 00584nam a22001817a 4500 | ||
|---|---|---|---|
| 005 | 20170918145238.0 | ||
| 010 | _aENG-120372 | ||
| 020 |
_a9781615992669 _c1299.00 |
||
| 035 | _aEN-103904 | ||
| 037 | _bDBAD/PUB | ||
| 082 | _a881.08 | ||
| 100 | _aKumaran,S. | ||
| 245 |
_aPhilosophical musings for a meaningful life: _cedited by S.Kumaran / |
||
| 260 |
_aAnn Arbor _bModern history press,an imprint of loving healing press _c2016 |
||
| 270 |
_a5145 Pontiac trail _bAnn Arbor _eMI-48105 |
||
| 300 |
_axvi,219p.: _c26cm(pbk) _bill |
||
| 942 |
_2ddc _cEN _h881.08 _mPHI |
||
| 999 |
_c144225 _d144225 |
||